LEADER 01512nam a2200349 u 4500 001 000000079298 003 CaOOAMICUS 005 20070226123526.0 008 040531s2003 it u000 u ita u 020 $a888273045X 035 $a10997274 040 $aPUL$bita 041 1 $aita$ager 100 1 $aTrakl, Georg,$d1887-1914.$0(OLS)http://pul/name/52824 240 10$aDichtungen.$lItaliano.$0(OLS)http://pul/title/103825 245 13$aIl canto dell'esule /$cGeorg Trakl. La parola nella poesia / Martin Heidegger ; a cura di Gino Zaccaria con Ivo De Gennaro. 260 $aMilano :$bC. Marinotti,$c2003. 300 $a386 p. ;$c24 cm 490 1 $aHeideggeriana ;$v2 504 $aBibliografia: p. [381]-382. 700 1 $aDe Gennaro, Ivo.$0(OLS)http://pul/name/35727 700 1 $aZaccaria, Gino.$0(OLS)http://pul/name/35726 700 1 $aHeidegger, Martin,$d1889-1976.$tUnterwegs zur Sprache$lItaliano.$0(OLS)http://pul/name/52825 740 02$aParola nella poesia. 830 0$aHeideggeriana ;$v2.$0(OLS)http://pul/title/50606 850 $aPUL 852 $aPUL$W1$xSL Cons. Gen., Altre Classi 3$y75$m831 TRAGE 1$j101502$nBK-PRI$qDDC 21$B101502$CPULBib$Z2$F101502 $H95192 $82 941 1 $a9 996 $6020$a888273045X$9(OLS)http://pul/number/104178 996 $6245$aIl canto dell'esule$9(OLS)http://pul/title/103826 996 $6740$aParola nella poesia$9(OLS)http://pul/title/103827 996 $6260$aMilano :$bC. Marinotti$9(OLS)http://pul/publisher/75602 LEADER 01417nam a2200265 a 4500 001 000000164933 003 CaOOAMICUS 005 20171214130234.0 008 171214s1986 it m u001 u por r 032 $aLibriCat 040 $aPUL$bita 100 1 $aSpreafico, Serafino.$0(OLS)http://pul/name/101487 245 10$aFamilia cristã, Igreja doméstica, objeto e sujeito de evangelização através da paróquia : $buna experiência de pastoral familiar pela Igreja na América Latina, Brasil / $cSerafino Spreafico . 260 $aRoma :$b[s.n.],$c1986. 300 $axiv, 323 p. ;$c24 cm. 502 $aTesi. Pontificia Università Urbaniana. Facoltà di Missiologia. 1986. 504 $aBibliografia in nota a piè pagina. 650 04$aEvangelizzazione$zAmerica Latina.$0(OLS)http://pul/subject/4239 710 2 $aPontificia Università Urbaniana.$bFacoltà di missiologia$kTesi.$0(OLS)http://pul/name/84544 850 $aPUL 852 $aPUL$W1$xDP1 Tesi Pon. Univ. Urbaniana$y49$mTH URB TH151$j189155$qTesi$B192249$CPULBib$Z2$F192249 $H59163 $82 941 1 $a16 996 $6245$aFamilia cristã, Igreja doméstica, objeto e sujeito de evangelização através da paróquia : $buna experiência de pastoral familiar pela Igreja na América Latina, Brasil / $9(OLS)http://pul/title/204624 996 $6260$aRoma :$b[s.n.]$9(OLS)http://pul/publisher/47958